Environmental Studies/ (Record no. 178433)

MARC details
000 -LEADER
fixed length control field 00731nam a22001937a 4500
005 - DATE AND TIME OF LATEST TRANSACTION
control field 20210330174001.0
010 ## - LCCN (DPL NO)
LC control number ENG-129343
020 ## - INTERNATIONAL STANDARD BOOK NUMBER
International Standard Book Number 978-81-927088-4-3
Terms of availability 235.00
035 ## - SYSTEM CONTROL NUMBER
System control number EN-112875
037 ## - SOURCE OF ACQUISITION
Source of stock number/acquisition DBAD/PUB
082 ## - DEWEY DECIMAL CLASSIFICATION NUMBER
Classification number 363.7
100 ## - MAIN ENTRY--PERSONAL NAME
Personal name Babu, N. V. Surendra
245 ## - TITLE STATEMENT
Title Environmental Studies/
Statement of responsibility, etc N. V. Surendra Babu and G. Alekhya
260 ## - PUBLICATION, DISTRIBUTION, ETC. (IMPRINT)
Place of publication, distribution, etc Hyderabad
Name of publisher, distributor, etc Seven Hills International Publishers
Date of publication, distribution, etc 2018
270 ## - ADDRESS
City Hyderabad
Postal code 500038
Address 3326/C, Level-4, Surneni Nilayam, Near B K Gupta Park, S R Nagar
Telephone number 91 40 23710657, 238000657
Fax number 91 40 23810657
Electronic mail address studentshelpline.in@gmail.com
300 ## - PHYSICAL DESCRIPTION
Extent xii+300p.
Dimensions 24cm(pbk)
Other physical details Including illustrations.
700 ## - ADDED ENTRY--PERSONAL NAME
Personal name G. Alekhya
942 ## - ADDED ENTRY ELEMENTS (KOHA)
Source of classification or shelving scheme Dewey Decimal Classification
Item type English Books
Classification part 363.7
Call number suffix BAB
Holdings
Withdrawn status Lost status Not for loan Collection code Home library Current library Date acquired Source of acquisition Cost, normal purchase price Full call number Barcode Copy number Cost, replacement price Koha item type
      Non-fiction Central Library Central Library 30/03/2021 DBAD/PUB 235.00 363.7 BAB EN-112875 1 235.00 English Books

© Delhi Public Library
Hit Counter
free hit counter